000 00380nam a2200145Ia 4500
008 220217s9999||||xx |||||||||||||| ||und||
020 _a0-07-049482-7
082 _a519 VEE
100 _aVeerarajan, T
245 0 _aProbability statistics and random processes
250 _a2nd
260 _aTata mcgraw hill
_bNew Delhi
_c2002
300 _b215
650 _aMATHEMATICS
999 _c170920
_d170920